00712 2200205 4500001002100000005001500021035002500036008004100061082001700102090001900119245018500138260004900323300003400372650003400406850001200440007000300452040001700455084001600472990001800488YOGYA-0209000004209120240905100608 a0010-020900000042091090227s2002 yoia g ind d a025.342 [22] aRQ 025.342 PRE aPress-ing issues local, national and international press articles often highlight issues, which are relevant to urban development in general and to the YUDP project in particular.. aYogyakarta :bElectrowatt Engineering,c2002 a[149] hlm. :bilus. ;c29 cm. aGuntingan (surat kabar, dsb.) aYOPDYOGta aYOPDYOGbind a025.342 PRE a23425-PD/A.07